Quality in school education: (Record no. 17138)

MARC details
000 -LEADER
fixed length control field 00771nam a22002177a 4500
005 - DATE AND TIME OF LATEST TRANSACTION
control field 20081020164431.0
008 - FIXED-LENGTH DATA ELEMENTS--GENERAL INFORMATION
fixed length control field 081020t xxu||||| |||| 00| 0 eng d
010 ## - LIBRARY OF CONGRESS CONTROL NUMBER
LC control number ENG-84176
020 ## - INTERNATIONAL STANDARD BOOK NUMBER
International Standard Book Number 8175412747
020 ## - INTERNATIONAL STANDARD BOOK NUMBER
Terms of availability 395.00 (hb)
035 ## - SYSTEM CONTROL NUMBER
System control number EN-67709
082 ## - DEWEY DECIMAL CLASSIFICATION NUMBER
Classification number 371.2
100 ## - MAIN ENTRY--PERSONAL NAME
Personal name Narula, Manju
245 ## - TITLE STATEMENT
Title Quality in school education:
Remainder of title secondary education and education boards /
Statement of responsibility, etc by Manju Narula
260 ## - PUBLICATION, DISTRIBUTION, ETC. (IMPRINT)
Place of publication, distribution, etc Delhi
Name of publisher, distributor, etc Shipra Publications
260 ## - PUBLICATION, DISTRIBUTION, ETC. (IMPRINT)
Date of publication, distribution, etc 2006
300 ## - PHYSICAL DESCRIPTION
Extent xvi,175p
Dimensions 22cm
500 ## - GENERAL NOTE
General note Includes bibliographical references and index
942 ## - ADDED ENTRY ELEMENTS (KOHA)
Source of classification or shelving scheme Dewey Decimal Classification
Koha item type English Books
Classification part 371.2
Call number suffix NAR
Holdings
Withdrawn status Lost status Source of classification or shelving scheme Damaged status Not for loan Home library Current library Date acquired Cost, normal purchase price Total Checkouts Full call number Barcode Date last seen Cost, replacement price Price effective from Koha item type
    Dewey Decimal Classification   Not For Loan D.B.Act.Division D.B.Act.Division 26/02/2007 395.00   371.2 NAR EN-67709 21/10/2008 395.00 21/10/2008 English Books

© Delhi Public Library
Hit Counter
free hit counter